[Event "Vojvodina Quality League"]
[Site "Pancevo SCG"]
[Date "2005.10.06"]
[Round "5"]
[White "Bogic,S"]
[Black "Djonin,B"]
[Result "1-0"]
[WhiteElo "2286"]
[BlackElo "2288"]

1.d4 Nf6 2.c4 e6 3.Nc3 Bb4 4.Nf3 O-O 5.Bg5 Bxc3+ 6.bxc3 h6 7.Bh4 d6 8.e3 Nbd7
9.Bd3 b6 10.Nd2 Bb7 11.O-O c5 12.a4 Bc6 13.Nb3 Qc7 14.Qe2 Be4 15.f3 Bxd3
16.Qxd3 Rac8 17.Nd2 Rfe8 18.Bg3 Qc6 19.Rfc1 d5 20.e4 Rcd8 21.cxd5 exd5 22.e5 Nh5
23.f4 c4 24.Qf3 Nxg3 25.Qxg3 Qe6 26.Nf3 f5 27.Rcb1 a6 28.Ne1 Nf8 29.Nc2 Ng6
30.Nb4 Re7 31.Nxa6 Ra7 32.Nb4 Ne7 33.Nc2 Rda8 34.Rb4 Qc6 35.Qh4 Kf8 36.Rab1 Rb7
37.Na3 Rxa4 38.Nb5 Rxb4 39.Rxb4 Kg8 40.Qh5 Rb8 41.Nd6 Rf8 42.Qd1 Ra8 43.Qb1 Ra3
44.Rxb6 Qa4 45.Rb4 Qa5 46.Qc2 Ra2 47.Rb2 Rxb2 48.Qxb2 Qa4 49.Kf2 Qd1 50.h3 Kh7
51.Qe2 Qc1 52.Qe3 Qd1 53.Qf3 Qd2+ 54.Kg3 Qe1+ 55.Kh2 Qd2 56.Qg3 Qc1 57.Ne8 Ng6
58.Nd6 Ne7 59.h4 Qd1 60.Ne8 g6 61.Nf6+ Kg7 62.Qf3 Qd2 63.Kh3 Qd3 64.Kg3 Qxf3+
65.Kxf3 h5 66.Ke3 Kf7 67.Kd2 Nc6 68.Nxd5  1-0

[Event "Vojvodina Quality League"]
[Site "Pancevo SCG"]
[Date "2005.10.06"]
[Round "6"]
[White "Bogic,S"]
[Black "Petijevic,V"]
[Result "0-1"]
[WhiteElo "2286"]
[BlackElo "2259"]

1.d4 Nf6 2.c4 e6 3.Nc3 Bb4 4.Nf3 b6 5.g3 Bb7 6.Bg2 c5 7.d5 exd5 8.Nh4 Ne4
9.O-O Nxc3 10.bxc3 Bxc3 11.Rb1 O-O 12.cxd5 d6 13.Rb3 Bf6 14.Nf5 Bc8 15.Ne3 Na6
16.Nc4 Nc7 17.Bf4 Be7 18.a4 Ba6 19.Qc1 Qd7 20.Ra3 Rfe8 21.Re1 Bf8 22.e4 Nxd5
23.Bxd6 Nb4 24.e5 Rad8 25.h4 Bxc4 26.Bxf8 Qd2 27.Ra1 Nc2 28.Rd1 Qxd1+ 29.Qxd1 Rxd1+
30.Rxd1 Kxf8  0-1

[Event "5th ch-Asian"]
[Site "Hyderabad IND"]
[Date "2005.10.08"]
[Round "3"]
[White "Kazhgaleyev,M"]
[Black "Zhou Weiqi"]
[Result "1-0"]
[WhiteElo "2602"]
[BlackElo "2416"]

1.d4 e6 2.c4 Nf6 3.Nc3 Bb4 4.Nf3 c5 5.g3 Ne4 6.Qd3 Qa5 7.Qxe4 Bxc3+ 8.Bd2 Bxd2+
9.Nxd2 Nc6 10.d5 Nd4 11.Bg2 O-O 12.Qd3 exd5 13.Bxd5 d6 14.O-O Bf5 15.Be4 Bxe4
16.Nxe4 Qb4 17.e3 Ne6 18.Nc3 Rab8 19.Rab1 Rfd8 20.Nd5 Qa5 21.a3 Qa4 22.b3 Qd7
23.a4 Nc7 24.Nxc7 Qxc7 25.Rfd1 a6 26.Rb2 Qc6 27.Rbd2 Rd7 28.Qf5 Re8 29.Rd5 Re6
30.Qd3 g6 31.h4 f5 32.h5 a5 33.Kf1 b6 34.Ke2 Qa8 35.g4 fxg4 36.Rg1 gxh5 37.Rh1 Re5
38.Rxe5 Qxh1 39.Rg5+ Rg7 40.Rf5 Qc6 41.Rf6 h4 42.Qf5 Qe8 43.Qd5+ Kh8 44.Rxd6 Rg8
45.Qf5 Qf8 46.Rf6 Qg7 47.Rf7 Qb2+ 48.Kf1 Qa1+ 49.Kg2 h3+ 50.Kh2 Rg6 51.Qh5 Rg7
52.Rf8+ Rg8 53.Rxg8+ Kxg8 54.Qxg4+ Kf8 55.Qf5+ Kg7 56.Qxh3 Qb2 57.Qg3+ Kf7
58.e4 Qd4 59.Qf4+ Kg7 60.Kg2 h6 61.Qg4+ Kh7 62.Qf5+ Kg7 63.e5 Qh4 64.Qd7+ Kg6
65.Qd3+ Kf7 66.Qf5+ Kg7 67.Kf3 Qd8 68.Qg4+ Kf8 69.Qg6 Qh4 70.e6 Qh1+ 71.Ke2 Ke7
72.Qf7+ Kd6 73.Qd7+ Ke5 74.Qd5+  1-0

[Event "5th ch-Asian"]
[Site "Hyderabad IND"]
[Date "2005.10.13"]
[Round "7"]
[White "Kazhgaleyev,M"]
[Black "Neelotpal,D"]
[Result "1-0"]
[WhiteElo "2602"]
[BlackElo "2509"]

1.d4 Nf6 2.c4 e6 3.Nc3 Bb4 4.Nf3 c5 5.g3 cxd4 6.Nxd4 O-O 7.Bg2 d5 8.cxd5 Nxd5
9.Qb3 Nc6 10.Nxc6 bxc6 11.O-O Qa5 12.Bd2 Bxc3 13.bxc3 Ba6 14.Rfd1 Qc5 15.e4 Bc4
16.Qa4 Nb6 17.Qb4 Qh5 18.Bf4 e5 19.Be3 Be2 20.Re1 Nc4 21.Qc5 Rfc8 22.Rab1 Nxe3
23.Qxe3 Bc4 24.Rb4 Be6 25.Qc5 Rd8 26.a4 h6 27.Rd4 Rdb8 28.h4 Rb2 29.a5 Ra2
30.Rdd1 Rb8 31.Qxa7 Rbb2 32.Qc5 Qg6 33.Rb1 Rxf2 34.Qxf2 Rxf2 35.Kxf2 Qf6+
36.Kg1 Qe7 37.Kh2 Qa7 38.Ra1 g5 39.h5 Bc4 40.Reb1 Bb5 41.Rb2 Qa6 42.Ra3 g4
43.c4 Bxc4 44.Rb6 Qa7 45.Rxc6 Be2 46.a6 Kg7 47.Rc7 Qxc7 48.a7 Bf3 49.Ra2 Bxg2
50.Kxg2 Qc3 51.a8=Q Qf3+ 52.Kh2 Qf1 53.Qa3  1-0

[Event "Goodbye Summer Open"]
[Site "Omis CRO"]
[Date "2005.10.16"]
[Round "9"]
[White "Brumen,D"]
[Black "Markovic,A"]
[Result "1-0"]
[WhiteElo "2362"]
[BlackElo "2090"]

1.d4 Nf6 2.c4 e6 3.Nc3 Bb4 4.Nf3 d5 5.cxd5 exd5 6.Bg5 h6 7.Bh4 c5 8.e3 g5
9.Bg3 Ne4 10.Bb5+ Bd7 11.Bxd7+ Nxd7 12.Rc1 c4 13.O-O Bxc3 14.bxc3 Qa5 15.Ne5 Nxe5
16.Bxe5 f6 17.Qh5+ Ke7 18.Bg3 Nxc3 19.e4 Nxe4 20.Rfe1 Kf8 21.Qg6 Rg8 22.Qxh6+ Kf7
23.Qh5+ Kg7 24.f3 Rh8 25.Qg4 Nxg3 26.hxg3 Raf8 27.f4 Qc7 28.Qf5 gxf4 29.gxf4 Rh6
30.Re3 Rg6 31.Rce1 Rf7 32.Rh3 Re7 33.Rxe7+ Qxe7 34.Qh5 Qe8 35.f5 Qe1+ 36.Kh2 Rxg2+
37.Kxg2 Qd2+ 38.Kf1 Qc1+ 39.Kf2 Qd2+ 40.Qe2 Qxd4+ 41.Kg2  1-0

[Event "zt 3.3"]
[Site "Beijing CHN"]
[Date "2005.10.24"]
[Round "8"]
[White "Zhou Jianchao"]
[Black "Wu Wenjin"]
[Result "1/2-1/2"]
[WhiteElo "2516"]
[BlackElo "2523"]

1.d4 Nf6 2.c4 e6 3.Nc3 Bb4 4.Nf3 c5 5.g3 cxd4 6.Nxd4 Ne4 7.Qd3 Bxc3+ 8.bxc3 Nc5
9.Qe3 b6 10.Bg2 Bb7 11.Bxb7 Nxb7 12.Ba3 Nc5 13.Nb5 O-O 14.Bxc5 bxc5 15.Qxc5 Qb6
16.Qxb6 axb6 17.Nd6 Nc6 18.O-O Rfb8 19.f4 Kf8 20.Rfd1  1/2-1/2

[Event "WJun"]
[Site "Instanbul TUR"]
[Date "2005.11.09"]
[Round "1"]
[White "Poobesh Anand,S"]
[Black "Agdestein,Em"]
[Result "1-0"]
[WhiteElo "2397"]
[BlackElo "2057"]

1.d4 Nf6 2.c4 e6 3.Nf3 Bb4+ 4.Nc3 b6 5.Bg5 Bb7 6.Nd2 h6 7.Bh4 O-O 8.e3 d6
9.Bd3 Bxc3 10.bxc3 e5 11.O-O Nbd7 12.Qc2 g5 13.Bg3 Nh5 14.Bf5 Kg7 15.Rad1 Nxg3
16.fxg3 f6 17.d5 Nc5 18.g4 Qe7 19.Rf2 Bc8 20.Bxc8 Raxc8 21.e4 Rh8 22.Nf1 Qd7
23.Qe2 Rcf8 24.Ng3 Qd8 25.Ra1 Nd7 26.Qf3 Kg8 27.Qf5 Qe8 28.Nh5 Rh7 29.g3 Kh8
30.h4 Rg8 31.Qe6 Rf8 32.Nxf6 Nxf6 33.Rxf6 Rg8 34.Rxh6 Qxe6 35.Rxh7+ Kxh7
36.dxe6 gxh4 37.e7 Re8 38.gxh4 Rxe7 39.Kg2  1-0

[Event "WJun"]
[Site "Instanbul TUR"]
[Date "2005.11.11"]
[Round "3"]
[White "Akshat,K"]
[Black "Rau,H"]
[Result "1/2-1/2"]
[WhiteElo "2275"]
[BlackElo "2421"]

1.d4 Nf6 2.c4 e6 3.Nc3 Bb4 4.Nf3 c5 5.e3 O-O 6.Be2 Bxc3+ 7.bxc3 Nc6 8.Nd2 b6
9.O-O Bb7 10.f4 Rc8 11.Ba3 d6 12.Bd3 Re8 13.Qe2 cxd4 14.cxd4 Ba6 15.Rac1 d5
16.c5 Bxd3 17.Qxd3 Qd7 18.Rc3 Rb8 19.cxb6 Rxb6 20.Rfc1 Nb4 21.Bxb4 Rxb4  1/2-1/2

[Event "18th Belgrade Trophy"]
[Site "Obrenovac SCG"]
[Date "2005.11.22"]
[Round "1"]
[White "Borbas,P"]
[Black "Medancic,R"]
[Result "0-1"]
[WhiteElo "1967"]
[BlackElo "2290"]

1.d4 Nf6 2.Nf3 e6 3.c4 Bb4+ 4.Nc3 c5 5.Bd2 O-O 6.a3 Bxc3 7.Bxc3 Ne4 8.Qc2 Nxc3
9.Qxc3 d6 10.e4 Nc6 11.Bd3 e5 12.d5 Ne7 13.O-O Ng6 14.Rfe1 Bg4 15.Bf1 Qf6
16.Re3 Rab8 17.a4 Qd8 18.a5 h6 19.h3 Bd7 20.Nh2 Nf4 21.Nf3 f5 22.Nd2 Qg5
23.Rg3 Qh4 24.Nf3 Qf6 25.Nd2 Nh5 26.Rf3 f4 27.Kh2 Qe7 28.Be2 g5 29.g3 g4
30.Rg1 gxf3 31.gxf4+ Kf7 32.Bxf3 Nxf4 33.Qe3 Bxh3 34.Rg3 Qh4 35.Kg1 Rg8 36.Nf1 Bxf1
37.Kxf1 Rxg3 38.fxg3 Qxg3  0-1

[Event "IV I Subasic Mem"]
[Site "Zenica BIH"]
[Date "2005.11.24"]
[Round "7"]
[White "Terzic,S"]
[Black "Savic,Miod1"]
[Result "0-1"]
[WhiteElo "2283"]
[BlackElo "2542"]

1.d4 Nf6 2.c4 e6 3.Nc3 Bb4 4.Nf3 d5 5.e3 O-O 6.Bd3 dxc4 7.Bxc4 a6 8.O-O b5
9.Bd3 Bb7 10.a4 bxa4 11.Nxa4 Nbd7 12.Qe2 c5 13.dxc5 Bxc5 14.e4 Bd6 15.Bd2 Ng4
16.Bc3 Qb8 17.h3 Nge5 18.Nxe5 Bxe5 19.Rfd1 Bxc3 20.Nxc3 Ne5 21.Bc2 Qc7 22.Ra4 Qb6
23.Ra2 Rfd8 24.Kh1 Rxd1+ 25.Nxd1 Rd8 26.f4 Ng6 27.Qf3 Rd2 28.Qc3 Qd8 29.Ne3 Nxf4
30.Ra4 Rd7 31.Rc4 h6 32.Qe1 Qg5 33.Kh2 Nh5 34.g3 Qe5 35.Qe2  0-1

[Event "18th Belgrade Trophy"]
[Site "Obrenovac SCG"]
[Date "2005.11.25"]
[Round "4"]
[White "Medancic,R"]
[Black "Stavrianakis,I"]
[Result "0-1"]
[WhiteElo "2290"]
[BlackElo "2114"]

1.d4 Nf6 2.c4 e6 3.Nc3 Bb4 4.Nf3 O-O 5.g3 c5 6.Bg2 d5 7.cxd5 Nxd5 8.Bd2 Nxc3
9.bxc3 Ba5 10.O-O Nc6 11.Rb1 Qe7 12.Qa4 Rd8 13.Rfd1 a6 14.Be3 Bxc3 15.dxc5 Rxd1+
16.Qxd1 e5 17.Qc2 Ba5 18.Ng5 g6 19.Ne4 Bf5 20.Qa4 Bxe4 21.Bxe4 Qc7 22.Bg5 Rf8
23.Bxc6 bxc6 24.Qc4 Qc8 25.Be7 Re8 26.Bd6 Qf5 27.Rb3 e4 28.Kg2 h5 29.h4 Be1
30.Qd4 e3 31.f3 Bf2 32.Bf4 Qe6 33.Rb6 Kh7 34.Rxa6 Qf5 35.Ra7 Kg8 36.a4 Qb1  0-1

[Event "ch-ROM w"]
[Site "Baile Tusnad ROM"]
[Date "2005.11.26"]
[Round "1"]
[White "Dragomirescu,An"]
[Black "Paulet,I"]
[Result "1/2-1/2"]
[WhiteElo "2249"]
[BlackElo "2149"]

1.d4 Nf6 2.c4 e6 3.Nc3 Bb4 4.Nf3 O-O 5.Bg5 c5 6.Bxf6 Qxf6 7.e3 Nc6 8.Bd3 d6
9.O-O Bxc3 10.bxc3 e5 11.d5 Na5 12.Qc2 g6 13.Nd2 Qe7 14.f4 exf4 15.exf4 f5
16.Rf2 Bd7 17.Re2 Qf6 18.Nb3 Nxb3 19.Qxb3 b6 20.Rae1 Rfe8 21.Qa3 Rxe2 22.Rxe2 Kf8
23.g3 Qf7 24.Kf2 Be8 25.Qa6 Qd7 26.Bc2 Rb8 27.Re6 Qb7 28.Qxb7 Rxb7 29.Rxd6 Bd7
30.g4 fxg4 31.f5 Ke7 32.Rxd7+ Rxd7 33.fxg6 hxg6 34.Bxg6 Kf6 35.Bc2 a6 36.Kg3 b5
37.cxb5 axb5 38.a4 bxa4 39.Bxa4 Rxd5 40.Kxg4 Rd3 41.Bb5 Rxc3 42.h4 Rb3 43.Be2 Rb4+
44.Kg3 c4 45.Kf2 c3 46.Bd1 Rxh4 47.Ke3 Ke5 48.Kd3 Rh3+ 49.Kc4 Rg3 50.Bc2 Kd6
51.Bd3 Kc6 52.Kxc3 Kc5 53.Kc2 Kb4 54.Be4 Ka3 55.Bd5 Rg5 56.Bf7 Rg2+ 57.Kb1 Rg1+
58.Kc2 Rg4 59.Kb1 Rg1+ 60.Kc2 Rg7 61.Be6 Rb7 62.Bd5 Rb5 63.Bc4 Rb2+ 64.Kc1 Rb6
65.Bf7 Rb4 66.Kc2 Ka4 67.Be8+ Ka5 68.Bf7 Rf4 69.Be6 Kb4 70.Kb1 Rf1+ 71.Kb2 Rf2+
72.Ka1 Ka3 73.Kb1 Rb2+ 74.Ka1 Re2 75.Bf5 Ra2+ 76.Kb1 Rf2 77.Be6 Rf1+ 78.Kc2 Rf6
79.Bd5 Rb6 80.Bf7 Rb8 81.Be6 Rb6 82.Bf7 Ka4 83.Kc1 Rb4 84.Kc2 Kb5 85.Kc3 Kc5
86.Ba2  1/2-1/2

[Event "IX Mirko Srajber mem"]
[Site "Subotica SCG"]
[Date "2005.12.05"]
[Round "6"]
[White "Czebe,A"]
[Black "Bogosavljevic,B"]
[Result "1-0"]
[WhiteElo "2497"]
[BlackElo "2325"]

1.c4 e6 2.d4 Nf6 3.Nc3 Bb4 4.Nf3 c5 5.d5 O-O 6.Bg5 d6 7.Nd2 exd5 8.Nxd5 Ba5
9.Bxf6 gxf6 10.e3 Nc6 11.Be2 Be6 12.O-O Bxd5 13.cxd5 Ne5 14.Ne4 Kh8 15.Bg4 Qe7
16.Bf5 Rg8 17.Qh5 Ng6 18.f4 c4 19.Kh1 Rg7 20.Rf3 Bb6 21.Rc1 Bxe3 22.Rxe3 Nxf4
23.Qh6 Qe5 24.Qxf6 Qxd5 25.Rf1 Re8 26.Rg3 Nh5 27.Rxg7 Nxf6 28.Nxf6 Qxf5 29.Rg8+ Rxg8
30.Rxf5 Rc8 31.h4 c3 32.bxc3 Rxc3 33.Ne8 Rc4 34.Rxf7 Rxh4+ 35.Kg1 Kg8 36.Rxb7 Ra4
37.Rb2 Rd4 38.Rb7 Ra4 39.Nf6+ Kf8 40.Nxh7+ Ke8 41.Nf6+ Kf8 42.Kh2 Rxa2 43.Kh3 a5
44.g4 Rf2 45.g5 a4  1-0

[Event "Stone Flower"]
[Site "Nishnij Tagil RUS"]
[Date "2005.12.13"]
[Round "7"]
[White "Zubarev,Al1"]
[Black "Maletin,P"]
[Result "0-1"]
[WhiteElo "2505"]
[BlackElo "2516"]

1.d4 Nf6 2.Nf3 e6 3.c4 Bb4+ 4.Nc3 c5 5.g3 cxd4 6.Nxd4 Ne4 7.Qd3 Bxc3+ 8.bxc3 Nc5
9.Qf3 d6 10.Bg2 Nbd7 11.O-O Ne5 12.Qf4 Bd7 13.Nb3 Rc8 14.Rd1 Ba4 15.Nxc5 Rxc5
16.Ba3 Bxd1 17.Bxc5 Bxe2 18.Qd4 f6 19.Bxd6 Nf3+ 20.Bxf3 Bxf3 21.Qe3 Bg4 22.c5 Qd7
23.Rb1 Qc6 24.Rb4 Bh3 25.f3 Qd5 26.Qe2 Kf7 27.Kf2 h5 28.Ra4 a6 29.Rd4 Qc6
30.Rb4 Rd8 31.Rh4 Bf5 32.Rxh5 Bg6 33.Rh4 b6 34.Qxa6 Ra8 35.Qxb6 Qd5 36.a4 Qd2+
37.Kg1 Qe3+ 38.Kg2 Qe2+ 39.Kg1 Qxf3 40.Qb4 Qe3+ 41.Kg2 Qe2+ 42.Kg1 Bd3 43.Rf4 Qe1+
44.Kg2 Qe2+ 45.Kg1 e5 46.Bxe5 Qe1+ 47.Kg2 Qe2+ 48.Kg1 Rh8 49.Qb7+ Kg6 50.h3 Rxh3
51.Qg2 Qe1+  0-1

[Event "5th Amplico AIG Life"]
[Site "Warsaw POL"]
[Date "2005.12.18"]
[Round "9"]
[White "Sliwerski,R"]
[Black "Fedorchuk,S"]
[Result "0-1"]
[WhiteElo "2227"]
[BlackElo "2564"]

1.d4 Nf6 2.c4 e6 3.Nc3 Bb4 4.Nf3 b6 5.g3 Bb7 6.Bg2 c5 7.O-O cxd4 8.Nb5 O-O
9.Bf4 Ne8 10.Qxd4 Nc6 11.Qd3 a6 12.Nd6 Bxd6 13.Bxd6 Nxd6 14.Qxd6 Qb8 15.Rfd1 Rd8
16.Rd2 Qxd6 17.Rxd6 Kf8 18.Rad1 Ke7 19.b3 Rab8 20.e3 f6 21.Kf1 Nb4 22.R6d2 Be4
23.Nd4 Bxg2+ 24.Kxg2 Rbc8 25.a3 Nc6 26.Nxc6+ Rxc6 27.e4 b5 28.cxb5 axb5 29.Rd4 Ra6
30.Rb4 Rxa3 31.Rxb5 Ra7 32.Rd2 Rc8 33.Rb6 g5 34.f4 g4 35.h3 h5 36.hxg4 hxg4
37.Rb5 Rh8 38.b4 Rh3 39.Ra5 Rb7 40.b5 Rh5 41.Rb2 Rc5 42.Kf2 Rb8 43.Rb3 f5
44.e5 Rd5 45.Ke3 Rb6 46.Rb2 Rb7 47.Rb3 Rb8 48.Rb2 Kd8 49.Rb3 Kc8 50.Rb2 Kb7
51.Rd2 Rxd2 52.Kxd2 Kb6 53.Ra6+ Kxb5 54.Rd6 Rb7 55.Kd3 Kc5 56.Ke3 Kc4 57.Rd4+ Kc3
58.Rd3+ Kc2 59.Rd2+ Kc1 60.Rd3 Rc7 61.Rd6 Rc3+ 62.Kf2 Rc2+ 63.Ke1 Rg2 64.Rxd7 Rxg3
65.Rc7+ Kb2 66.Rc6 Rf3 67.Rxe6 Rxf4 68.Ke2 Kc3 69.Re8 Kd4 70.e6 Ke5 71.Ke3 Re4+
72.Kf2 Kf6  0-1

[Event "XXXV Rilton Cup"]
[Site "Stockholm SWE"]
[Date "2005.12.30"]
[Round "4"]
[White "Hultin,P"]
[Black "Lindberg,Be"]
[Result "0-1"]
[WhiteElo "2065"]
[BlackElo "2420"]

1.d4 Nf6 2.c4 e6 3.Nc3 Bb4 4.Nf3 b6 5.e3 Bb7 6.Bd3 Ne4 7.Bd2 Bxc3 8.Bxc3 O-O
9.Bxe4 Bxe4 10.d5 exd5 11.cxd5 c5 12.O-O d6 13.Qd2 Nd7 14.Ne1 b5 15.f3 Bg6
16.b3 b4 17.Bb2 Nb6 18.Rd1 a5 19.Qe2 Re8 20.g4 Rc8 21.e4 c4 22.bxc4 Nxc4
23.Bd4 h5 24.h3 hxg4 25.hxg4 a4 26.Nd3 Rb8 27.Nf4 Ne5 28.Bxe5 dxe5 29.Nxg6 Qb6+
30.Rf2 Qxg6 31.Qc4 Rec8 32.Qd3 Qb6 33.Kg2 Rc3 34.Qd2 Qd6 35.Rb1 Rbc8 36.Kg3 b3
37.axb3 axb3 38.Qd1 Qh6 39.Rxb3 Rc1 40.Qd2  0-1

[Event "Masters"]
[Site "Hastings ENG"]
[Date "2005.12.31"]
[Round "4"]
[White "Williams,Si"]
[Black "Le Roux,JP"]
[Result "1-0"]
[WhiteElo "2452"]
[BlackElo "2497"]

1.d4 Nf6 2.c4 e6 3.Nf3 Bb4+ 4.Nc3 b6 5.Bg5 Bb7 6.Nd2 Qe7 7.Qc2 c5 8.d5 exd5
9.cxd5 d6 10.e4 Nbd7 11.Bb5 O-O-O 12.Qa4 Kb8 13.O-O h6 14.Bxf6 Nxf6 15.a3 Bxc3
16.bxc3 Qe5 17.Qc4 Ng4 18.Nf3 Qf4 19.a4 f5 20.Rfe1 Ne5 21.Nxe5 dxe5 22.f3 fxe4
23.fxe4 Rhf8 24.a5 Kc7 25.Bc6 Bc8 26.axb6+ axb6 27.Ra2 Rf6 28.Qa4 Rdf8 29.Qa7+ Kd6
30.Qb8+  1-0

[Event "Masters"]
[Site "Hastings ENG"]
[Date "2005.12.31"]
[Round "4"]
[White "Johnsen,G"]
[Black "Zude,E"]
[Result "1/2-1/2"]
[WhiteElo "2231"]
[BlackElo "2426"]

1.d4 Nf6 2.c4 e6 3.Nc3 Bb4 4.Nf3 b6 5.Bg5 h6 6.Bh4 Bb7 7.e3 Bxc3+ 8.bxc3 d6
9.Nd2 Nbd7 10.f3 Qe7 11.e4 e5 12.Bd3 O-O-O 13.Nf1 exd4 14.cxd4 d5 15.cxd5 g5
16.Bg3 Nxd5 17.Kf2 Nf4 18.Ne3 Ne5 19.Bxf4 gxf4 20.Nf5 Qa3 21.Be2 Nc6 22.Qb3 Qxb3
23.axb3 Nxd4 24.Nxd4 Rxd4 25.Rxa7 Rd2 26.Rd1 Rhd8 27.Ke1 Rxd1+ 28.Bxd1 c6
29.Ra2 Kc7 30.g3  1/2-1/2

[Event "Czech Chess Christmas"]
[Site "Litomysl CZE"]
[Date "2006.01.01"]
[Round "9"]
[White "Gajewski,G"]
[Black "Kulhanek,T"]
[Result "1-0"]
[WhiteElo "2461"]
[BlackElo "2392"]

1.d4 Nf6 2.c4 e6 3.Nf3 Bb4+ 4.Nc3 O-O 5.Bg5 h6 6.Bh4 b6 7.Nd2 Bb7 8.e4 g5
9.Bg3 Nxe4 10.Ndxe4 Bxe4 11.h4 Bg6 12.Qd2 Bd6 13.Bxd6 cxd6 14.hxg5 hxg5 15.f4 Nc6
16.d5 Nb4 17.Rc1 Qf6 18.a3 Na6 19.fxg5 Qe5+ 20.Kf2 Kg7 21.b4 Rh8 22.Be2 Nc7
23.Bf3 Rxh1 24.Rxh1 Rh8 25.Rxh8 Kxh8 26.Qe3 exd5 27.cxd5 Kg7 28.Bg4 f5 29.gxf6+ Qxf6+
30.Kg1 Bf7 31.Bf3 Qe5 32.Qd2 a6 33.Kf2 Nb5 34.Nxb5 axb5 35.Qe3 Qb2+ 36.Be2 Qf6+
37.Kg1 Bxd5 38.Bxb5 Bc6 39.Qxb6 Qc3 40.Be2 Qxa3 41.Qd4+ Kf7 42.Bh5+ Ke6 43.Qg4+ Ke5
44.Qg7+ Ke4 45.Bg6+ Ke3 46.Qe7+ Kd2 47.Qxd6+ Kc1 48.Qc5+ Kd2 49.Qc2+ Ke3
50.Qf2+  1-0

[Event "Masters"]
[Site "Hastings ENG"]
[Date "2006.01.06"]
[Round "10"]
[White "Johnsen,G"]
[Black "Anderton,M"]
[Result "0-1"]
[WhiteElo "2231"]
[BlackElo "2205"]

1.d4 Nf6 2.c4 e6 3.Nc3 Bb4 4.Nf3 c5 5.g3 cxd4 6.Nxd4 O-O 7.Bg2 d5 8.Qb3 Bxc3+
9.Qxc3 e5 10.Nb3 d4 11.Qa5 Qe8 12.O-O Nc6 13.Qb5 h6 14.f4 e4 15.f5 Qe7 16.Bf4 Rd8
17.Rad1 a5 18.c5 Rd5 19.Qc4 Qd8 20.Bd6 b5 21.Qxb5 Qxd6 22.cxd6 Rxb5 23.Nxd4 Nxd4
24.Rxd4 Rxb2 25.Bxe4 Nxe4 26.Rxe4 Bd7 27.Re7 Rd8 28.e4 f6 29.Rc1 Rd2 30.e5 fxe5
31.Rxe5 a4 32.a3 Rxd6 33.g4 Rd2  0-1

[Event "4th I.Platonov Mem"]
[Site "Kyiv UKR"]
[Date "2006.01.08"]
[Round "1"]
[White "Shishkin,Va UKR"]
[Black "Pavlov,S2"]
[Result "1/2-1/2"]
[WhiteElo "2545"]
[BlackElo "2453"]

1.d4 Nf6 2.c4 e6 3.Nc3 Bb4 4.Nf3 c5 5.g3 cxd4 6.Nxd4 Ne4 7.Qd3 Qa5 8.Nb3 Nxc3
9.Bd2 Ne4 10.Qxe4 Bxd2+ 11.Nxd2 Nc6 12.Bg2 b6 13.Qf4 O-O 14.O-O Bb7 15.Rfd1 Rad8
16.Nb3 Qb4 17.Rac1 d6 18.Rd3 Na5 19.a3 Qa4 20.Nxa5 Bxg2 21.Kxg2 Qxa5 22.b4 Qa6
23.Rcd1 h6 24.Rf3 Rc8 25.Rxd6 Rxc4 26.Qd2 Re4 27.Rd8 f6 28.Rxf8+ Kxf8 29.Qd8+ Kf7
30.Rd3 Kg6 31.Rd7 Qxe2 32.Qg8 Rc4 33.Qxg7+ Kf5 34.Qh7+ Ke5 35.Rc7 Rxc7 36.Qxc7+ Kd4
37.Qxa7 Qe4+ 38.f3 Qc2+ 39.Kh3 Qf5+ 40.Kg2 Qc2+ 41.Kh3 Qf5+  1/2-1/2

[Event "TCh-AUT 2005-6"]
[Site "Austria AUT"]
[Date "2006.01.13"]
[Round "5"]
[White "Pinter,J"]
[Black "Lazarev,V"]
[Result "1/2-1/2"]
[WhiteElo "2530"]
[BlackElo "2503"]

1.d4 Nf6 2.c4 e6 3.Nc3 Bb4 4.Nf3 c5 5.e3 d5 6.Bd3 O-O 7.O-O dxc4 8.Bxc4 Qe7
9.a3 Ba5 10.Qd3 Rd8 11.Ne4 cxd4 12.exd4 h6 13.Be3 Nc6 14.Rad1 Nd5 15.Bc1 Bd7
16.Ba2 Be8 17.b4 Bb6 18.Rfe1 a5 19.b5 Na7 20.a4 Nb4 21.Qe2 Nxa2 22.Qxa2 Qd7
23.Qe2 Qc7 24.Be3 Nc8 25.Rd3 Ne7 26.Rc1 Qb8 27.Ne5 Nf5 28.Nc4 Bc7 29.g3 b6
30.Rcd1 Ne7 31.Qf3 Nd5 32.Bc1 Rd7 33.Ba3 f6 34.Ne3 Bg6 35.Rb3 Qe8 36.Rc1 Rad8
37.Nxd5 exd5 38.Nd2 Bh5 39.g4 Qg6 40.h3 Qg5 41.Qc3 Bxg4 42.hxg4 Bf4 43.Nf1 Qxg4+
44.Ng3 Rc7 45.Qe1 Bxc1 46.Bxc1 Rdc8 47.Bd2 h5 48.Qe2 Rc2 49.Qxg4 hxg4 50.Nf5 R8c4
51.Bxa5 bxa5 52.b6 R4c3 53.Rb5 g3 54.b7 gxf2+ 55.Kf1 Rc1+ 56.Kxf2 R1c2+ 57.Kg1 Rc1+
58.Kf2 R1c2+ 59.Kg1 Rc1+ 60.Kf2 R1c2+ 61.Kg1 Rc1+ 62.Kf2 R1c2+  1/2-1/2

[Event "Winter Cup"]
[Site "Bucharest ROM"]
[Date "2006.01.18"]
[Round "5"]
[White "Dumitrache,D"]
[Black "Ionescu,Co"]
[Result "1/2-1/2"]
[WhiteElo "2476"]
[BlackElo "2450"]

1.d4 Nf6 2.c4 e6 3.Nc3 Bb4 4.Nf3 O-O 5.e3 d5 6.Bd3 c5 7.O-O dxc4 8.Bxc4 Qe7
9.Qe2 Rd8 10.a3 Ba5 11.Bd2 cxd4 12.exd4 Nc6 13.Be3 Bb6 14.Rad1 Bd7 15.Rfe1 Be8
16.Ba2 h6 17.h3 Qf8 18.d5 Bxe3 19.Qxe3 exd5 20.Nxd5 Nxd5 21.Bxd5 Rd6 22.Qc5 Rf6
23.Qxf8+ Kxf8 24.Nd2 Ne7 25.Bxb7 Rb8 26.Bf3 Rxb2 27.Nc4 Rb8 28.Rd6 Rxd6 29.Nxd6 Bd7
30.Rd1 Be6 31.Nb5 a5 32.Nd4 Bd5 33.Bxd5 Nxd5 34.Nc6 Rb5 35.Rc1 Nf4 36.Rc4 g5
37.g3 Nd3 38.Rc3 Ne5 39.Nd4 Rb1+ 40.Kg2 a4 41.Nf5 f6 42.Nxh6 Rb3 43.Rc8+ Ke7
44.Nf5+ Kd7 45.Rf8 Rxa3 46.Rxf6 Rd3 47.Ra6 a3 48.h4 gxh4 49.gxh4 Nc4 50.Ra4 Ke6
51.Rxc4 Kxf5 52.Ra4 Kg6 53.Ra5 Kh6  1/2-1/2

[Event "14th FAJR Open"]
[Site "Tehran IRI"]
[Date "2006.01.30"]
[Round "9"]
[White "Gaprindashvili,V"]
[Black "Behmardi,K"]
[Result "1-0"]
[WhiteElo "2466"]
[BlackElo "2187"]

1.d4 Nf6 2.Nf3 e6 3.c4 Bb4+ 4.Nc3 c5 5.e3 Nc6 6.Bd3 d6 7.O-O Bxc3 8.bxc3 e5
9.d5 Ne7 10.Qc2 Ng6 11.Ng5 O-O 12.f4 Ne8 13.Qd1 Qe7 14.Nxh7 Kxh7 15.f5 e4
16.fxg6+ Kg8 17.gxf7+ Rxf7 18.Rxf7 Kxf7 19.Qh5+ Kg8 20.Be2 Nf6 21.Qg5 Bd7
22.Bd2 Re8 23.Be1 Ng4 24.Qxe7 Rxe7 25.Bg3 Ne5 26.a4 g6 27.a5 Nf7 28.Rb1 Bc8
29.h3 Kg7 30.Kh2 Kf8 31.h4 Kg7 32.Bf4 Ne5 33.Kg3 Nf7 34.Kh2 Ne5 35.Kg3 Nf7
36.Bg4 Bxg4 37.Kxg4 Rd7 38.g3 Kh7 39.Kh3 Kg7 40.Kg2 Kh7 41.g4 g5 42.Bxg5 Ne5
43.Kg3 Nxc4 44.h5 Nxa5 45.Ra1 b6 46.Bf6 Nb3 47.Ra2 b5 48.g5 a5 49.Kg4 a4
50.Kf5 Nc1 51.g6+ Kg8 52.Ra1 Nb3 53.Ra3 Nd2 54.Ke6 Ra7 55.h6 Nc4 56.Ra1 Nxe3
57.c4 Nc2 58.h7+ Rxh7 59.gxh7+ Kxh7 60.Rh1+ Kg8  1-0

[Event "TCh-FRA Top 16 Gp A"]
[Site "Clichy FRA"]
[Date "2006.02.04"]
[Round "2"]
[White "Guidarelli,L"]
[Black "Gashimov,V"]
[Result "0-1"]
[WhiteElo "2462"]
[BlackElo "2625"]

1.Nf3 Nf6 2.c4 e6 3.Nc3 Bb4 4.d4 c5 5.e3 O-O 6.Bd3 Bxc3+ 7.bxc3 d6 8.O-O Nc6
9.Bb2 b6 10.Nd2 Ba6 11.f4 Rc8 12.Rc1 d5 13.Qe2 cxd4 14.cxd4 Nb4 15.Rf3 Nxd3
16.Qxd3 dxc4 17.Qb1 Nd5 18.Ba3 Re8 19.Ne4 Rc6 20.Ng5 f5 21.e4 Nxf4 22.Rxf4 Qxg5
23.Rf3 Qh4 24.exf5 exf5 25.Qxf5 Qxd4+ 26.Kh1 Rf6 27.Qh5 Qe5  0-1

[Event "TCh-FRA Top 16 Gp A"]
[Site "Paris FRA"]
[Date "2006.02.04"]
[Round "2"]
[White "Bacrot,E"]
[Black "Sokolov,And1"]
[Result "1-0"]
[WhiteElo "2717"]
[BlackElo "2632"]

1.d4 Nf6 2.c4 e6 3.Nc3 Bb4 4.Nf3 c5 5.g3 cxd4 6.Nxd4 O-O 7.Bg2 d5 8.cxd5 Nxd5
9.Qd3 Qb6 10.Bxd5 exd5 11.Be3 Bh3 12.g4 Na6 13.a3 Bxc3+ 14.Qxc3 Rac8 15.Nf5 Rxc3
16.Bxb6 Rc4 17.Bd4 Bxg4 18.b3 Bxf5 19.bxc4 dxc4 20.Rg1 f6 21.Bxa7 Nc7 22.O-O-O Nb5
23.Bc5 Nc3 24.Bxf8 Nxe2+ 25.Kb2 Nxg1 26.Bxg7 c3+ 27.Kxc3 Ne2+ 28.Kd2  1-0

[Event "ch-GER"]
[Site "Osterburg GER"]
[Date "2006.02.05"]
[Round "3"]
[White "Henrichs,T"]
[Black "Naumann,A"]
[Result "1-0"]
[WhiteElo "2434"]
[BlackElo "2532"]

1.d4 Nf6 2.c4 e6 3.Nc3 Bb4 4.Nf3 d5 5.Bg5 dxc4 6.e4 b5 7.a4 c6 8.e5 h6 9.Bh4 g5
10.exf6 gxh4 11.Ne5 c5 12.Qf3 Qxd4 13.Nc6 Bxc3+ 14.bxc3 Qd5 15.axb5 Qxf3
16.gxf3 Nxc6 17.bxc6 Rg8 18.Bxc4 Rg6 19.Bd3 Rxf6 20.Be4 a5 21.Rg1 Kf8 22.O-O-O Ba6
23.Rd7 Rc8 24.Bh7  1-0

[Event "ch-GER"]
[Site "Osterburg GER"]
[Date "2006.02.11"]
[Round "9"]
[White "Tischbierek,R"]
[Black "Prusikin,M"]
[Result "1/2-1/2"]
[WhiteElo "2466"]
[BlackElo "2563"]

1.d4 Nf6 2.Nf3 e6 3.c4 Bb4+ 4.Nc3 b6 5.Bg5 Bb7 6.Qb3 c5 7.a3 Bxc3+ 8.Qxc3 h6
9.Bh4 g5 10.Bg3 Ne4 11.Qd3 d5 12.e3 Nd7 13.cxd5 Bxd5 14.Nd2 Nxg3 15.hxg3 cxd4
16.Qxd4 Qf6 17.Qxf6 Nxf6 18.Rc1 O-O 19.Ba6 Bxg2 20.Rxh6 Kg7 21.Rh2 Bd5 22.f3 Rad8
23.g4 Ba8 24.Rc7 Nd5 25.Rxa7 Nxe3 26.Bb7 Nc2+ 27.Ke2 Nd4+ 28.Ke3 Nc2+ 29.Ke2 Nd4+
30.Ke3  1/2-1/2

[Event "III GM-Tage"]
[Site "Pulvermuehle GER"]
[Date "2006.03.04"]
[Round "8"]
[White "Gustafsson,J"]
[Black "Jussupow,Ar"]
[Result "1/2-1/2"]
[WhiteElo "2614"]
[BlackElo "2605"]

1.d4 Nf6 2.c4 e6 3.Nf3 Bb4+ 4.Nc3 d6 5.Qc2 Nc6 6.Bd2 O-O 7.a3 Bxc3 8.Bxc3 Qe7
9.b4 e5 10.dxe5 Nxe5 11.e3 b6 12.Be2 Bb7 13.Nxe5 dxe5 14.O-O Rfe8 15.f3 Nd7
16.Rfd1 Nf8 17.Qf5 c5 18.Rd2 Bc8 19.Qe4 Bb7 20.Qg4 Bc8 21.Qe4 Bb7 22.Qg4 Bc8
23.Qe4  1/2-1/2

[Event "70th ch-BUL"]
[Site "Svilengrad BUL"]
[Date "2006.03.05"]
[Round "6"]
[White "Grigorov,G"]
[Black "Nikolov,M"]
[Result "1-0"]
[WhiteElo "2405"]
[BlackElo "2446"]

1.d4 Nf6 2.c4 e6 3.Nc3 Bb4 4.Nf3 c5 5.g3 cxd4 6.Nxd4 O-O 7.Bg2 d5 8.cxd5 Nxd5
9.Bd2 Bxc3 10.bxc3 Nb6 11.O-O e5 12.Nb5 a6 13.Be3 N8d7 14.Nd6 Qc7 15.Rb1 Rb8
16.Rb4 a5 17.Rh4 Nc5 18.Qb1 g6 19.Ne4 Nbd7 20.Ng5 Nf6 21.f4 Ng4 22.Bc1 h6
23.Ne4 Nxe4 24.Bxe4 Qc5+ 25.Kg2 Kg7 26.f5 h5 27.Qd3 b5 28.Qd2 Rh8 29.fxg6 fxg6
30.h3 Nh6 31.Rxh5 Ng8 32.Rxh8 Kxh8 33.Qg5 Rb6 34.Rf7  1-0